Statystyki dla Polscy złoci medaliści letnich igrzysk olimpijskich

Kliknij tutaj aby rozwiązać quiz!

Ogólne statystyki

  • Ten quiz został rozwiązany 105 razy
  • Średni wynik to 23 z 59

Statystyki odpowiedzi

RokDyscyplinaZawodnik/Zawodniczka% Poprawnych
2016rzut młotemAnita Włodarczyk
92%
2012rzut młotemAnita Włodarczyk
92%
2004chód 50 kmRobert Korzeniowski
92%
1996chód 50 kmRobert Korzeniowski
92%
2000chód 50 kmRobert Korzeniowski
92%
2000chód 20 kmRobert Korzeniowski
92%
2008pchnięcie kuląTomasz Majewski
90%
2012pchnięcie kuląTomasz Majewski
90%
1976bieg 400 mIrena Szewińska
79%
1968bieg 200 mIrena Szewińska
79%
2000rzut młotemKamila Skolimowska
70%
1980skok o tyczceWładysław Kozakiewicz
67%
2008gimnastyka (skok)Leszek Blanik
61%
2012podnoszenie ciężarówAdrian Zieliński
60%
2000rzut młotemSzymon Ziółkowski
60%
1996strzelectwoRenata Mauer
55%
1964boks (waga lekkopółśrednia)Jerzy Kulej
53%
1968boks (waga lekkopółśrednia)Jerzy Kulej
53%
1996judo (waga półcięzka)Paweł Nastula
52%
2008podnoszenie ciężarówSzymon Kołecki
52%
1996żeglarstwoMateusz Kusznierewicz
45%
1972pchnięcie kuląWładysław Komar
45%
1932bieg 10 000 mJanusz Kusociński
42%
1976skok wzwyżJanusz Wszoła
40%
1928rzut dyskiemHalina Konopacka
37%
1980bieg na 3000 m z przeszkodamiBronisław Malinowski
31%
2000strzelectwoRenata Mauer-Różańska
28%
1996zapasy w stylu klasycznym (waga lekka)Ryszard Wolny
28%
1964podnoszenie ciężarówWaldemar Baszanowski
27%
1968podnoszenie ciężarówWaldemar Baszanowski
27%
1988judo (waga lekkośrednia)Waldemar Legień
27%
1992judo (waga średnia)Waldemar Legień
27%
1996zapasy w stylu klasycznym (waga ciężka)Andrzej Wroński
26%
1988zapasy w stylu klasycznym (waga ciężka)Andrzej Wroński
26%
1976skok o tyczceTadeusz Ślusarski
24%
1964trójskokJózef Szmidt
22%
1960trójskokJózef Szmidt
22%
1980jeździectwoJan Kowalczyk
21%
1968szermierka (szabla)Jerzy Pawłowski
20%
1972szermierka (floret)Witold Woyda
18%
1976pięciobój nowoczesnyJanusz Pyciak-Peciak
17%
1996zapasy w stylu klasycznym (waga piórkowa)Włodzimierz Zawadzki
16%
1932bieg 100 mStanisława Walasiewicz
15%
1972strzelectwoJózef Zapędzki
12%
1968strzelectwoJózef Zapędzki
12%
1972podnoszenie ciężarówZygmunt Smalcerz
12%
1964boks (waga lekka)Józef Grudzień
11%
1960bieg 3000 m z przeszkodamiZdzisław Krzyszkowiak
11%
1992pięciobój nowoczesnyArkadiusz Skrzypaczek
10%
1976zapasy w stylu klasycznym (waga piórkowa)Kazimierz Lipień
10%
1952boks (waga półśrednia)Zygmunt Chychła
10%
1964szermierka (floret)Egon Franke
9%
1956skok w dalElżbieta Krzesińska
9%
1964boks (waga półśrednia)Marian Kasprzyk
9%
1960podnoszenie ciężarówIreneusz Paliński
8%
1972boks (waga lekka)Jan Szczepański
8%
1960boks (waga lekka)Kazimierz Paździor
8%
1976boks (waga lekkośrednia)Jerzy Rybicki
7%
2004pływanieOtylia Jędzejczak
3%

Rozkład punktacji

Percentyl według liczby udzielonych odpowiedzi

Procent ludzi z każdym wynikiem

Twoja historia wyników

Nie rozwiązałeś tego quizu